书目信息 |
| 题名: |
汽车运用基础
|
|
| 作者: | 凌永成 , 李雪飞 主编 | |
| 分册: | ||
| 出版信息: | 北京 北京大学出版社 2008.01 |
|
| 页数: | 223页 | |
| 开本: | 26cm | |
| 丛书名: | 21世纪全国应用型本科大机械系列实用规划教材·汽车系列 | |
| 单 册: | ||
| 中图分类: | U471.2 | |
| 科图分类: | ||
| 主题词: | 汽车--qi che--使用--高等学校--教材 | |
| 电子资源: | ||
| ISBN: | 978-7-301-13118-3 | |
| 000 | 01080nam 2200277 450 | |
| 001 | 012008648227 | |
| 005 | 20080508090312.33 | |
| 010 | @a978-7-301-13118-3@dCNY26.00 | |
| 100 | @a20080508d2008 em y0chiy0120 ea | |
| 101 | 0 | @achi |
| 102 | @aCN@b110000 | |
| 105 | @aak a 000yy | |
| 106 | @ar | |
| 200 | 1 | @a汽车运用基础@Aqi che yun yong ji chu@f凌永成, 李雪飞主编@Fling yong cheng,li xue fei zhu bian |
| 210 | @a北京@c北京大学出版社@d2008.01 | |
| 215 | @a223页@c图@d26cm | |
| 225 | 2 | @a21世纪全国应用型本科大机械系列实用规划教材·汽车系列@A21 shi ji quan guo ying yong xing ben ke da ji xie xi lie shi yong gui hua jiao cai·qi che xi lie |
| 320 | @a有书目 | |
| 330 | @a本书全面系统地阐述了作为汽车运用工程师应具备的基础知识和基本技能,注重理论与实践的紧密结合。 | |
| 410 | 0 | @12001 @a21世纪全国应用型本科大机械系列实用规划教材·汽车系列 |
| 606 | 0 | @a汽车@Aqi che@x使用@x高等学校@j教材 |
| 690 | @aU471.2@v4 | |
| 701 | 0 | @a凌永成@Aling yong cheng@4主编 |
| 701 | 0 | @a李雪飞@Ali xue fei@4主编 |
| 801 | 0 | @aCN@bQSSK@c20080508 |
| 905 | @b706869-71@dU471.2@eL566@f3 | |
| 汽车运用基础/凌永成, 李雪飞主编.-北京:北京大学出版社,2008.01 |
| 223页:图;26cm.-(21世纪全国应用型本科大机械系列实用规划教材·汽车系列) |
| ISBN 978-7-301-13118-3:CNY26.00 |
| 本书全面系统地阐述了作为汽车运用工程师应具备的基础知识和基本技能,注重理论与实践的紧密结合。 |
| ● |
| 相关链接 |
|
|
|
正题名:汽车运用基础
索取号:U471.2/L566
 
预约/预借
| 序号 | 登录号 | 条形码 | 馆藏地/架位号 | 状态 | 备注 |
| 1 | 706869 | 207068698 | 自科库501/501自科库 56排7列4层/ [索取号:U471.2/L566] | 在馆 | |
| 2 | 706870 | 207068705 | 期刊室512/501自科库 56排7列3层/ [索取号:U471.2/L566] | 在馆 | |
| 3 | 706871 | 207068714 | 自科库501/501自科库 56排7列4层/ [索取号:U471.2/L566] | 在馆 |